000
00249nam a2200109Ia 4500
008
200302s9999 xx 000 0 und d
100
_a
Nrc
245
_a
Residential Standards Canada
260
_b
Printed in Canada
260
_c
1977
300
_a
208 P.,
999
_c
552
_d
552